[Event "4NCL 3 North pool D"]
[Site "Crewe, ENG"]
[Date "2016.04.30"]
[Round "9.95"]
[White "Phillips, David A"]
[Black "Bramson, Mike"]
[Result "0-1"]
[WhiteElo "2005"]
[BlackElo "1872"]
[PlyCount "94"]
[EventDate "2016.04.30"]
[WhiteTeam "Spirit of Atticus C"]
[BlackTeam "Bradford DCA Knights C"]

1. e4 e5 2. Nf3 Nc6 3. Bb5 a6 4. Ba4 d6 5. c3 Bd7 6. d4 Nge7 7. Bg5 h6 8. Be3
Ng6 9. d5 Nb8 10. c4 Be7 11. Nc3 O-O 12. O-O f5 13. Bxd7 Qxd7 14. exf5 Qxf5 15.
Qb1 Qh5 16. Qe4 Nd7 17. Ne2 Nf6 18. Ng3 Nxe4 19. Nxh5 Rf5 20. Ng3 Nxg3 21. hxg3
Rf7 22. Rac1 Bf6 23. Nd2 Ne7 24. g4 g5 25. Ne4 Kg7 26. Rfd1 Rh8 27. c5 Nc8 28.
b4 Kg6 29. a4 h5 30. cxd6 Nxd6 31. gxh5+ Rxh5 32. Ng3 Rh4 33. Rb1 Rfh7 34. Kf1
Rc4 35. Bc5 Rhh4 36. f3 Rc2 37. Kg1 Be7 38. a5 Nc4 39. Nf1 Bd6 40. Bxd6 Nxd6
41. Ne3 Re2 42. Rb3 Nb5 43. Ng4 Kf5 44. Rbd3 Kf4 45. R3d2 Rxd2 46. Rxd2 e4 47.
Kf2 Rxg4 0-1

[Event "4NCL 3 North pool D"]
[Site "Crewe, ENG"]
[Date "2016.04.30"]
[Round "9.96"]
[White "Patrick, David A"]
[Black "Mort, Andrew J"]
[Result "1/2-1/2"]
[WhiteElo "1869"]
[BlackElo "1913"]
[PlyCount "40"]
[EventDate "2016.04.30"]
[WhiteTeam "Bradford DCA Knights C"]
[BlackTeam "Spirit of Atticus C"]

1. e4 c6 2. d4 d5 3. exd5 cxd5 4. Bd3 Nc6 5. c3 Qc7 6. Nf3 Bg4 7. h3 Bh5 8. O-O
Nf6 9. Re1 e6 10. Nbd2 Bd6 11. Nf1 O-O 12. Bg5 Bg6 13. Bxg6 hxg6 14. Bxf6 gxf6
15. Ne3 Kg7 16. Rc1 Na5 17. Qa4 Bf4 18. Rc2 Bxe3 19. fxe3 a6 20. e4 dxe4
1/2-1/2

[Event "4NCL 3 North pool D"]
[Site "Crewe, ENG"]
[Date "2016.04.30"]
[Round "9.97"]
[White "Cooper, John G"]
[Black "McCarthy, Damian"]
[Result "1/2-1/2"]
[WhiteElo "1953"]
[BlackElo "1856"]
[PlyCount "47"]
[EventDate "2016.04.30"]
[WhiteTeam "Spirit of Atticus C"]
[BlackTeam "Bradford DCA Knights C"]

1. e4 c5 2. Nc3 g6 3. f4 Bg7 4. Nf3 Nc6 5. Bb5 Nd4 6. Nxd4 cxd4 7. Ne2 a6 8.
Bd3 d6 9. b3 e5 10. O-O Ne7 11. Bb2 O-O 12. c3 dxc3 13. Bxc3 exf4 14. Nxf4 Bd7
15. Qf3 Bc6 16. Bxg7 Kxg7 17. Qg3 Qb6+ 18. Kh1 Qc5 19. Rac1 Qe5 20. Rce1 Rac8
21. Bb1 Kh8 22. Ne2 Bb5 23. Qe3 Bxe2 24. Rxe2 1/2-1/2

[Event "4NCL 3 North pool D"]
[Site "Crewe, ENG"]
[Date "2016.04.30"]
[Round "9.98"]
[White "Dean, Robert A"]
[Black "Lockett, Karl J"]
[Result "1/2-1/2"]
[WhiteElo "1780"]
[BlackElo "1855"]
[PlyCount "104"]
[EventDate "2016.04.30"]
[WhiteTeam "Bradford DCA Knights C"]
[BlackTeam "Spirit of Atticus C"]

1. e4 b6 2. d4 Bb7 3. Nc3 e6 4. Nf3 Bb4 5. Bd3 Nf6 6. Qe2 d5 7. exd5 Qxd5 8.
Bd2 Qd7 9. Rd1 O-O 10. O-O Qc8 11. a3 Be7 12. Rfe1 Nbd7 13. Ne5 c5 14. Nxd7
Qxd7 15. dxc5 Qc6 16. f3 Qxc5+ 17. Kh1 Rad8 18. Bf4 Nh5 19. Be5 Bh4 20. Rf1 f6
21. f4 g6 22. Qg4 fxe5 23. Qxh4 Nxf4 24. Ne4 Bxe4 25. Bxe4 Rd4 26. Qe1 Nd5 27.
Rxf8+ Qxf8 28. Bf3 Qd6 29. c3 Rxd1 30. Qxd1 Qc5 31. h3 Kg7 32. Qa4 Qc7 33. Qe8
Qd6 34. Qa8 a5 35. Qb7+ Kh6 36. Bg4 Nf6 37. Qf3 Qe7 38. Qe3+ Kg7 39. Qxe5 Kf7
40. Bf3 Qd8 41. Qg5 Qf8 42. Qb5 Qd6 43. Qa6 Qc7 44. Qb5 Nd7 45. Qg5 Nf6 46. Qb5
h6 47. Qb3 Nd7 48. Bg4 Nc5 49. Qc4 Qe5 50. Qf1+ Ke7 51. Bf3 Qf4 52. Qb5 Qd6
1/2-1/2

[Event "4NCL 3 North pool D"]
[Site "Crewe, ENG"]
[Date "2016.04.30"]
[Round "9.99"]
[White "Lloyd, Stephen M"]
[Black "Braham, Peter"]
[Result "1/2-1/2"]
[WhiteElo "1772"]
[BlackElo "1659"]
[PlyCount "70"]
[EventDate "2016.04.30"]
[WhiteTeam "Spirit of Atticus C"]
[BlackTeam "Bradford DCA Knights C"]

1. d4 f5 2. Nf3 Nf6 3. Bg5 e6 4. Nbd2 d5 5. g3 Be7 6. Bxf6 Bxf6 7. Ne5 O-O 8.
Bg2 c5 9. c3 cxd4 10. cxd4 Qb6 11. Nb3 Nd7 12. f4 a5 13. Qd2 Nxe5 14. fxe5 Be7
15. O-O Bd7 16. Rac1 Bb4 17. Qe3 Be7 18. Qd2 a4 19. Nc5 Qb5 20. Rf3 b6 21. Nxd7
Qxd7 22. a3 Rfc8 23. Rfc3 Rxc3 24. Qxc3 Bg5 25. Rc2 Ra7 26. Kf2 Kf7 27. e3 Bd8
28. Bf1 Rc7 29. Qd3 Ke7 30. g4 g6 31. gxf5 gxf5 32. Kf3 Kf8 33. Rg2 Qe8 34. Be2
Bh4 35. Qb5 Qh5+ 1/2-1/2

[Event "4NCL 3 North pool D"]
[Site "Crewe, ENG"]
[Date "2016.04.30"]
[Round "9.100"]
[White "Procter, Colin S"]
[Black "Emerton, Keith"]
[Result "1/2-1/2"]
[WhiteElo "1560"]
[BlackElo "1775"]
[PlyCount "143"]
[EventDate "2016.04.30"]
[WhiteTeam "Bradford DCA Knights C"]
[BlackTeam "Spirit of Atticus C"]

1. c4 Nf6 2. g3 g6 3. Bg2 Bg7 4. d3 d6 5. Nc3 e5 6. Bg5 h6 7. Bxf6 Bxf6 8. Rb1
c6 9. e4 a5 10. Nge2 Bg7 11. O-O O-O 12. a3 Nd7 13. b4 axb4 14. axb4 b6 15. b5
c5 16. Nd5 Bb7 17. Nec3 Bxd5 18. Nxd5 Nf6 19. Ne3 Qc7 20. Qb3 Ra7 21. Ra1 Rfa8
22. Qb2 Ra5 23. Rxa5 Rxa5 24. Ra1 Qa7 25. Nc2 h5 26. Rxa5 Qxa5 27. Qa3 Qxa3 28.
Nxa3 Bh6 29. Nb1 Kf8 30. Nc3 Bd2 31. Ne2 g5 32. Kf1 Ke7 33. Ng1 g4 34. Ke2 Bc3
35. Kf1 Bd2 36. Ke2 Bc3 37. h3 Bd4 38. Kf1 Bc3 39. f3 Bd4 40. Ne2 Be3 41. Nc3
Bd2 42. Na4 Ba5 43. Kf2 Kd8 44. Nb2 Bd2 45. Nd1 gxh3 46. Bxh3 Nh7 47. Bf5 Nf6
48. Ne3 Ke7 49. Ke2 Bc1 50. Nd1 Kd8 51. Ne3 Kc7 52. Bh3 Bxe3 53. Kxe3 Kd8 54.
Bf5 Ke7 55. Kf2 Ng8 56. Kg2 Kf6 57. Kh3 Kg5 58. Bd7 Nh6 59. Be8 f5 60. Bd7 f4
61. Be6 Kf6 62. Bd5 Kg5 63. Be6 Kf6 64. Bd7 Nf7 65. g4 Ng5+ 66. Kh4 Nxf3+ 67.
Kxh5 Ne1 68. g5+ Kg7 69. Kg4 Nxd3 70. Bf5 Nb2 71. Be6 Nd3 72. Bf5 1/2-1/2

[Event "4NCL 3 North pool D"]
[Site "Crewe, ENG"]
[Date "2016.04.30"]
[Round "9.105"]
[White "Lyth, John D"]
[Black "Taylor, John Paul"]
[Result "0-1"]
[WhiteElo "1982"]
[BlackElo "1854"]
[PlyCount "118"]
[EventDate "2016.04.30"]
[WhiteTeam "Manchester Manticores 3"]
[BlackTeam "Cheddleton 3"]

1. d4 Nf6 2. Nf3 e6 3. e3 d5 4. Bd3 c5 5. b3 cxd4 6. exd4 Nc6 7. O-O Be7 8. Bb2
O-O 9. a3 Qb6 10. Nbd2 Na5 11. Ne5 Bd7 12. Qe2 Rac8 13. Rab1 Nc6 14. Ndf3 Nd8
15. Rfd1 a6 16. c4 Qxb3 17. Nxd7 Nxd7 18. cxd5 Qxd5 19. Be4 Qd6 20. d5 Bf6 21.
dxe6 Qxe6 22. Nd4 Bxd4 23. Rxd4 Nf6 24. Qf3 Nxe4 25. Rxe4 Qa2 26. Ree1 Ne6 27.
Be5 b5 28. Rb4 Rc5 29. Bd6 Qd2 30. Qd1 Qxd1 31. Rxd1 Rd8 32. Rbb1 Rc4 33. Bb4
Rcd4 34. Rdc1 Nf4 35. Ba5 Ne2+ 36. Kf1 Nxc1 37. Rxc1 Rd1+ 38. Rxd1 Rxd1+ 39.
Ke2 Rd5 40. g3 Kf8 41. Ke3 Ke8 42. Bc3 g6 43. h4 Kd7 44. Ke4 Kc6 45. Bb4 Rf5
46. f3 h5 47. g4 hxg4 48. fxg4 Rf1 49. Ke5 Kb6 50. Bf8 f5 51. g5 Rh1 52. Kf6
Rxh4 53. Kxg6 f4 54. Bb4 f3 55. Be1 Rg4 56. Kh6 Rg2 57. g6 f2 58. Bxf2+ Rxf2
59. g7 Ka5 0-1

[Event "4NCL 3 North pool D"]
[Site "Crewe, ENG"]
[Date "2016.04.30"]
[Round "9.106"]
[White "Armstrong, William G"]
[Black "Collins, Richard A"]
[Result "0-1"]
[WhiteElo "1870"]
[BlackElo "1930"]
[PlyCount "104"]
[EventDate "2016.04.30"]
[WhiteTeam "Cheddleton 3"]
[BlackTeam "Manchester Manticores 3"]

1. c4 d5 2. e3 c6 3. Nf3 Nf6 4. b3 Bf5 5. Nd4 Bg6 6. cxd5 Nxd5 7. a3 e6 8. Bb2
Be7 9. Nc3 Bf6 10. Nf3 O-O 11. d4 Nd7 12. Bd3 Rc8 13. Ne4 Be7 14. O-O N7f6 15.
Nxf6+ Nxf6 16. Ne5 Bxd3 17. Nxd3 Qa5 18. b4 Qb6 19. Qf3 Qb5 20. e4 Qh5 21. Qxh5
Nxh5 22. e5 g6 23. g4 Ng7 24. a4 Rfd8 25. a5 Ne8 26. Rfc1 Nc7 27. Nc5 Rb8 28.
Kg2 Nd5 29. Rc4 a6 30. Rd1 Nxb4 31. Ba3 Nd5 32. Rb1 Re8 33. Nd7 Bxa3 34. Nxb8
Rxb8 35. Rxc6 Bb4 36. Rc4 Bxa5 37. Rbc1 b5 38. Rc6 Bb6 39. Rb1 b4 40. Kf3 a5
41. Rc4 a4 42. Rcxb4 Nxb4 43. Rxb4 a3 44. Ra4 a2 45. Rxa2 Bxd4 46. Ke4 Rb4 47.
f4 Bc5+ 48. Kf3 Rb3+ 49. Kg2 Be3 50. f5 gxf5 51. gxf5 exf5 52. Kf3 Bc1+ 0-1

[Event "4NCL 3 North pool D"]
[Site "Crewe, ENG"]
[Date "2016.04.30"]
[Round "9.107"]
[White "Hilton, Tim"]
[Black "Valentine, Glyn D"]
[Result "1-0"]
[WhiteElo "1960"]
[BlackElo "1802"]
[PlyCount "71"]
[EventDate "2016.04.30"]
[WhiteTeam "Manchester Manticores 3"]
[BlackTeam "Cheddleton 3"]

1. d4 Nf6 2. c4 e6 3. Nf3 d5 4. Nc3 c6 5. e3 Be7 6. Bd3 Nbd7 7. O-O O-O 8. b3
b6 9. Bb2 Ba6 10. e4 dxe4 11. Nxe4 Nxe4 12. Bxe4 Rc8 13. Re1 Nf6 14. Bc2 Qc7
15. Ne5 Rfd8 16. Qd3 c5 17. Qh3 cxd4 18. Ng4 g6 19. Nh6+ Kg7 20. Nxf7 Kxf7 21.
Qxe6+ Kf8 22. Ba3 Ng8 23. Bxe7+ Qxe7 24. Qxg8+ Kxg8 25. Rxe7 d3 26. Bd1 Re8 27.
Rxe8+ Rxe8 28. Bf3 d2 29. Kf1 b5 30. Bd5+ Kg7 31. Rd1 bxc4 32. Bxc4 Bxc4+ 33.
bxc4 Rc8 34. Rxd2 Rxc4 35. Rd7+ Kf6 36. Rxa7 1-0

[Event "4NCL 3 North pool D"]
[Site "Crewe, ENG"]
[Date "2016.04.30"]
[Round "9.108"]
[White "Blackburn, Jon"]
[Black "Potter, Steven"]
[Result "0-1"]
[WhiteElo "1851"]
[BlackElo "1915"]
[PlyCount "158"]
[EventDate "2016.04.30"]
[WhiteTeam "Cheddleton 3"]
[BlackTeam "Manchester Manticores 3"]

1. d4 b6 2. Nf3 Bb7 3. Bg5 Nf6 4. Nbd2 e6 5. e3 Be7 6. Bd3 d6 7. c3 Nbd7 8. O-O
Nd5 9. Bxe7 Qxe7 10. a3 O-O 11. c4 N5f6 12. Re1 e5 13. dxe5 Nxe5 14. Nxe5 Qxe5
15. Qc2 Qh5 16. Be2 Qg5 17. Bf3 Bxf3 18. Nxf3 Qh5 19. h3 h6 20. Rad1 Rfe8 21.
Rd4 a5 22. Rh4 Qg6 23. Qxg6 fxg6 24. Rd4 Re4 25. Rxe4 Nxe4 26. Rd1 Rf8 27. Rd4
Nc5 28. Nd2 g5 29. Ne4 Nb3 30. Rd3 a4 31. Nc3 Nc5 32. Rd4 Rf7 33. Nd5 Kf8 34.
Kf1 Nb3 35. Rd1 Ke8 36. Nc3 Nc5 37. Rd4 Kd8 38. Ke2 Kc8 39. f3 Re7 40. Rd5 Kd7
41. Rf5 Ne6 42. Kd2 Nc5 43. Nd5 Nb3+ 44. Kc3 Re5 45. Rf7+ Kd8 46. Rxg7 c6 47.
Rg8+ Kd7 48. Nxb6+ Kc7 49. Nxa4 Rxe3+ 50. Kb4 c5+ 51. Kb5 Nd4+ 52. Ka6 Rb3 53.
Rg7+ Kc6 54. Rg8 Ne6 55. Rc8+ Nc7+ 56. Ka5 Rb7 57. Rxc7+ Rxc7 58. Ka6 Rb7 59.
g3 Rb3 60. f4 Rxg3 61. f5 Rf3 62. Nc3 Rxf5 63. Nd5 Rf8 64. Ne7+ Kd7 65. Nd5 Rb8
66. b4 cxb4 67. axb4 h5 68. b5 g4 69. hxg4 hxg4 70. Nf6+ Kc7 71. Nd5+ Kc8 72.
Ne7+ Kd7 73. Nf5 Kc7 74. Ka5 Ra8+ 75. Kb4 Rf8 76. Ne3 g3 77. Ka5 Kb7 78. Kb4
Rf3 79. Ng2 Rf2 0-1

[Event "4NCL 3 North pool D"]
[Site "Crewe, ENG"]
[Date "2016.04.30"]
[Round "9.109"]
[White "Coward, Neil"]
[Black "Edwards, Roger J"]
[Result "1-0"]
[WhiteElo "1930"]
[BlackElo "1757"]
[PlyCount "73"]
[EventDate "2016.04.30"]
[WhiteTeam "Manchester Manticores 3"]
[BlackTeam "Cheddleton 3"]

1. e4 e5 2. Nf3 Nc6 3. Bc4 Nf6 4. O-O Be7 5. c3 d6 6. Qe2 O-O 7. h3 a6 8. d4 b5
9. Bb3 Bb7 10. Rd1 Qc8 11. d5 Na7 12. Nbd2 c5 13. Nf1 a5 14. Ng3 b4 15. Nf5 Qd7
16. cxb4 axb4 17. Bg5 Nc8 18. Rac1 Ne8 19. Bd2 Ba6 20. Bc4 Bxc4 21. Qxc4 Qa7
22. Ra1 Bd8 23. a3 Ne7 24. Nxe7+ Bxe7 25. axb4 Qxa1 26. Rxa1 Rxa1+ 27. Kh2 cxb4
28. Bxb4 Ra8 29. Nxe5 Ra7 30. Nc6 Rc7 31. Ba5 Rd7 32. b4 Bf6 33. b5 Be5+ 34.
Nxe5 dxe5 35. b6 Nd6 36. Qc6 Rdd8 37. Bb4 1-0

[Event "4NCL 3 North pool D"]
[Site "Crewe, ENG"]
[Date "2016.04.30"]
[Round "9.108"]
[White "Blackburn, Sandra"]
[Black "Gawne, Martin"]
[Result "1/2-1/2"]
[WhiteElo "1585"]
[BlackElo "1847"]
[PlyCount "49"]
[EventDate "2016.04.30"]
[WhiteTeam "Cheddleton 3"]
[BlackTeam "Manchester Manticores 3"]

1. d4 g6 2. Nf3 Bg7 3. e4 d6 4. Bd3 Nf6 5. Bg5 Nbd7 6. Nbd2 O-O 7. O-O c6 8. c3
Qc7 9. h3 e5 10. Rc1 a6 11. a4 b5 12. axb5 axb5 13. Ra1 Bb7 14. Qe2 Rfe8 15.
dxe5 dxe5 16. Be3 Nb6 17. Bxb6 Qxb6 18. Rxa8 Bxa8 19. Ra1 Nh5 20. Bc2 c5 21.
Nf1 Bb7 22. Ne3 Nf6 23. Ng4 Nxg4 24. hxg4 c4 25. Rd1 1/2-1/2

[Event "4NCL 3 North pool D"]
[Site "Crewe, ENG"]
[Date "2016.04.30"]
[Round "9.115"]
[White "Turner, John M"]
[Black "Bak, Christopher"]
[Result "1/2-1/2"]
[WhiteElo "2026"]
[BlackElo "2033"]
[PlyCount "63"]
[EventDate "2016.04.30"]
[WhiteTeam "Holmes Chapel"]
[BlackTeam "Bradford DCA Knights B"]

1. e4 e5 2. Nf3 Nc6 3. Nc3 Nf6 4. Bb5 Nd4 5. Nxd4 exd4 6. e5 dxc3 7. exf6 Qxf6
8. dxc3 c6 9. Bd3 d5 10. O-O Be6 11. Be3 Bd6 12. Qh5 Qe5 13. Qxe5 Bxe5 14. f4
Bf6 15. f5 Bd7 16. Bd4 Bxd4+ 17. cxd4 f6 18. Rae1+ Kd8 19. Re3 Kc7 20. g3 Rhe8
21. Rfe1 Kd6 22. Kf2 b6 23. Rxe8 Rxe8 24. Rxe8 Bxe8 25. Kf3 c5 26. c3 Bd7 27.
Kf4 Be8 28. h4 Kc6 29. g4 Kd6 30. Be2 Kc6 31. Bd3 Kd6 32. Be2 1/2-1/2

[Event "4NCL 3 North pool D"]
[Site "Crewe, ENG"]
[Date "2016.04.30"]
[Round "9.116"]
[White "Jennings, Roger W"]
[Black "Doran, Chris"]
[Result "1/2-1/2"]
[WhiteElo "2054"]
[BlackElo "1987"]
[PlyCount "68"]
[EventDate "2016.04.30"]
[WhiteTeam "Bradford DCA Knights B"]
[BlackTeam "Holmes Chapel"]

1. g3 g6 2. Bg2 Bg7 3. Nf3 Nf6 4. O-O O-O 5. c4 d6 6. d4 Nc6 7. b3 a6 8. Bb2
Rb8 9. Nc3 b5 10. cxb5 axb5 11. Rc1 Bd7 12. d5 Na5 13. Nd4 Qe8 14. Qd2 b4 15.
Na4 Bxa4 16. bxa4 Qxa4 17. Rxc7 Rfc8 18. Qc1 Rxc7 19. Qxc7 Re8 20. Nc6 Nxc6 21.
Qxc6 Qa8 22. Rc1 h5 23. Rc4 Rb8 24. Qxa8 Rxa8 25. Rxb4 Rxa2 26. Rb8+ Kh7 27.
Rb7 Ng8 28. Bxg7 Kxg7 29. Bf3 Kf6 30. h3 Nh6 31. g4 hxg4 32. hxg4 g5 33. Kg2
Ra4 34. Kg3 Ng8 1/2-1/2

[Event "4NCL 3 North pool D"]
[Site "Crewe, ENG"]
[Date "2016.04.30"]
[Round "9.117"]
[White "Bennett, Patrick"]
[Black "Hurwitz, Ed J G"]
[Result "1/2-1/2"]
[WhiteElo "2004"]
[BlackElo "2026"]
[PlyCount "58"]
[EventDate "2016.04.30"]
[WhiteTeam "Holmes Chapel"]
[BlackTeam "Bradford DCA Knights B"]

1. d4 d6 2. c4 e5 3. d5 f5 4. Nc3 Nf6 5. g3 Be7 6. Bg2 O-O 7. Nf3 Na6 8. O-O
Qe8 9. e4 Nc5 10. Ng5 Qg6 11. Qe2 f4 12. Nf3 Bg4 13. Nh4 Qh5 14. f3 Bd7 15. b4
Na6 16. a3 Ne8 17. Nf5 Bxf5 18. exf5 fxg3 19. hxg3 Qxf5 20. f4 Qg6 21. Bb2 Bf6
22. Ne4 exf4 23. Nxf6+ Nxf6 24. Rxf4 Rae8 25. Qf2 Nh5 26. Rxf8+ Rxf8 27. Qxa7
Nxg3 28. Re1 Qc2 29. Qd4 Qg6 1/2-1/2

[Event "4NCL 3 North pool D"]
[Site "Crewe, ENG"]
[Date "2016.04.30"]
[Round "9.118"]
[White "Bak, Andrew"]
[Black "Laurence, Geoff"]
[Result "1-0"]
[WhiteElo "2017"]
[BlackElo "2012"]
[PlyCount "97"]
[EventDate "2016.04.30"]
[WhiteTeam "Bradford DCA Knights B"]
[BlackTeam "Holmes Chapel"]

1. d4 d5 2. c4 Nc6 3. Nf3 Bg4 4. Nc3 e6 5. Qb3 Bb4 6. cxd5 Qxd5 7. Qxd5 exd5 8.
e3 Nge7 9. Be2 O-O 10. O-O a6 11. h3 Bh5 12. a3 Bd6 13. b4 h6 14. Bd2 Na7 15.
Rfc1 c6 16. Na4 Rfe8 17. Nc5 Rab8 18. Kf1 Kh8 19. g4 Bg6 20. Nd7 Rbd8 21. Nfe5
f6 22. Nxg6+ Nxg6 23. Nc5 Re7 24. f4 Rde8 25. Bd3 Nf8 26. f5 Bb8 27. a4 Nc8 28.
b5 axb5 29. axb5 Nd6 30. bxc6 bxc6 31. Na6 Ne4 32. Bxe4 Rxe4 33. Rxc6 Nh7 34.
Nc5 R4e7 35. Ne6 Ng5 36. Nxg5 hxg5 37. Ra5 Rd7 38. Kf2 Kh7 39. Kf3 Bh2 40. Rb5
Rb8 41. Rxb8 Bxb8 42. e4 dxe4+ 43. Kxe4 Ba7 44. d5 Kg8 45. d6 Kf7 46. Kd5 Bb8
47. Bb4 Rb7 48. Rc4 Rd7 49. Kc6 1-0

[Event "4NCL 3 North pool D"]
[Site "Crewe, ENG"]
[Date "2016.04.30"]
[Round "9.119"]
[White "Scattergood, Ben"]
[Black "Slinger, Tony J"]
[Result "0-1"]
[WhiteElo "1920"]
[BlackElo "1934"]
[PlyCount "74"]
[EventDate "2016.04.30"]
[WhiteTeam "Holmes Chapel"]
[BlackTeam "Bradford DCA Knights B"]

1. e4 c5 2. Nf3 d6 3. d3 Nc6 4. g3 g6 5. Bg2 Bg7 6. O-O e6 7. c3 e5 8. a3 a5 9.
Be3 Nge7 10. Nbd2 O-O 11. b4 axb4 12. axb4 Rxa1 13. Qxa1 cxb4 14. cxb4 Nxb4 15.
Qa3 Nc2 16. Qb2 Nxe3 17. fxe3 Nc6 18. Nc4 d5 19. exd5 e4 20. Nd4 Nxd4 21. exd4
Qxd5 22. Ne5 Bxe5 23. dxe5 Qxd3 24. Re1 Bf5 25. Qxb7 Qd4+ 26. Kh1 Qxe5 27. g4
Bxg4 28. Qxe4 Qxe4 29. Rxe4 Be6 30. Re5 Rb8 31. Bf3 Rb2 32. h4 h5 33. Bxh5 gxh5
34. Rg5+ Kh7 35. Rxh5+ Kg6 36. Rg5+ Kh6 37. Re5 Rb4 0-1

[Event "4NCL 3 North pool D"]
[Site "Crewe, ENG"]
[Date "2016.04.30"]
[Round "9.120"]
[White "Johnson, Paul A"]
[Black "Higgie, Charles L"]
[Result "1/2-1/2"]
[WhiteElo "1873"]
[BlackElo "1869"]
[PlyCount "75"]
[EventDate "2016.04.30"]
[WhiteTeam "Bradford DCA Knights B"]
[BlackTeam "Holmes Chapel"]

1. d4 Nf6 2. Nf3 g6 3. c4 Bg7 4. Nc3 d5 5. cxd5 Nxd5 6. e4 Nxc3 7. bxc3 O-O 8.
Bc4 c5 9. h3 Nc6 10. Be3 cxd4 11. cxd4 Qa5+ 12. Qd2 Qxd2+ 13. Kxd2 Rd8 14. Kc3
Na5 15. Bb3 Nxb3 16. axb3 f5 17. e5 Be6 18. Rhc1 a6 19. Kb2 Rac8 20. Rxc8 Rxc8
21. Rc1 Rxc1 22. Bxc1 Bd5 23. Ne1 e6 24. f3 Kf7 25. Nd3 b6 26. Kc3 Bf8 27. Bg5
Be7 28. Bxe7 Kxe7 29. Nb4 Bb7 30. Nc2 f4 31. Na3 a5 32. Nc4 Ba6 33. h4 Bxc4 34.
bxc4 h6 35. Kb3 Kd7 36. d5 exd5 37. cxd5 b5 38. Ka3 1/2-1/2

[Event "4NCL 3 North pool D"]
[Site "Crewe, ENG"]
[Date "2016.04.30"]
[Round "9.125"]
[White "White, Mark W"]
[Black "Kolbus, Dietmar"]
[Result "0-1"]
[WhiteElo "2063"]
[BlackElo "2305"]
[PlyCount "126"]
[EventDate "2016.04.30"]
[WhiteTeam "Jorvik"]
[BlackTeam "Manx Ravens"]

1. e4 c5 2. d4 cxd4 3. c3 dxc3 4. Nxc3 Nc6 5. Nf3 d6 6. Bc4 a6 7. O-O Nf6 8. h3
e6 9. Qe2 b5 10. Bb3 Be7 11. Rd1 Qb6 12. Bf4 Na5 13. Bc2 Bb7 14. b4 Nc4 15. Bb3
Rc8 16. Rac1 O-O 17. a4 Ba8 18. axb5 axb5 19. Bg5 h6 20. Bh4 Rfe8 21. Nxb5 Qxb5
22. Rxc4 Rxc4 23. Bxc4 Qxb4 24. Bxf6 Bxf6 25. Bd3 Qc5 26. Rb1 Qc7 27. Qd2 Rb8
28. Rc1 Qb6 29. Qc2 Qd8 30. Qa4 Rc8 31. Rd1 Qc7 32. Nd4 Qc5 33. Nb3 Qb6 34. Nd2
Bd4 35. Rf1 Bc6 36. Qa3 Bc5 37. Nc4 Qb7 38. Qc3 Qa7 39. Qd2 Qe7 40. Qf4 Ra8 41.
Rb1 Qg5 42. Qxg5 hxg5 43. Kf1 Kf8 44. Ke2 Ke7 45. Rb2 g6 46. Nd2 f5 47. exf5
gxf5 48. f3 Ra1 49. Bb1 Bd4 50. Rb3 d5 51. Kd3 Ba7 52. Rc3 Bb5+ 53. Kc2 Ra6 54.
Rc7+ Kf6 55. Rb7 Be2 56. Rc7 Bb6 57. Rh7 Ba5 58. Nb3 Rc6+ 59. Kb2 Bc3+ 60. Kc2
Ke5 61. Nc1 Bb4+ 62. Kb2 Ba3+ 63. Kxa3 Rxc1 0-1

[Event "4NCL 3 North pool D"]
[Site "Crewe, ENG"]
[Date "2016.04.30"]
[Round "9.126"]
[White "Ottosen, David"]
[Black "Carpenter, James M"]
[Result "1/2-1/2"]
[WhiteElo "2106"]
[BlackElo "2012"]
[PlyCount "81"]
[EventDate "2016.04.30"]
[WhiteTeam "Manx Ravens"]
[BlackTeam "Jorvik"]

1. e4 e5 2. Nf3 Nc6 3. Bb5 a6 4. Ba4 Nf6 5. O-O Nxe4 6. d4 b5 7. Bb3 d5 8. dxe5
Be6 9. c3 Be7 10. Be3 O-O 11. h3 a5 12. Qe2 Rb8 13. Rd1 Nc5 14. Bc2 Qd7 15.
Nbd2 Bf5 16. Bxf5 Qxf5 17. Bxc5 Bxc5 18. Nb3 Bb6 19. Rxd5 b4 20. Nbd4 Nxd4 21.
Nxd4 Bxd4 22. cxd4 Rfd8 23. Rxd8+ Rxd8 24. Qc4 Qd7 25. Rd1 c6 26. Qc5 Qd5 27.
Qxd5 Rxd5 28. Rc1 Rxd4 29. Rxc6 Rd1+ 30. Kh2 Kf8 31. Rc2 Ke7 32. Kg3 Ke6 33. f4
Rd3+ 34. Kf2 b3 35. axb3 Rxb3 36. g4 Rxh3 37. Rc5 Rh2+ 38. Ke3 Rxb2 39. f5+ Ke7
40. Rxa5 Rb4 41. Ra7+ 1/2-1/2

[Event "4NCL 3 North pool D"]
[Site "Crewe, ENG"]
[Date "2016.04.30"]
[Round "9.127"]
[White "Cowan, Richard M"]
[Black "Fabri, Henrik"]
[Result "1-0"]
[WhiteElo "1865"]
[BlackElo "1994"]
[PlyCount "91"]
[EventDate "2016.04.30"]
[WhiteTeam "Jorvik"]
[BlackTeam "Manx Ravens"]

1. Nf3 Nf6 2. c4 e6 3. b3 d5 4. Bb2 Be7 5. e3 c5 6. Nc3 Nc6 7. Ne2 O-O 8. g3
Re8 9. Bg2 Bd6 10. O-O e5 11. cxd5 Nb4 12. d4 exd4 13. exd4 Nbxd5 14. Rc1 cxd4
15. Nexd4 Bd7 16. Re1 Rc8 17. Rxe8+ Qxe8 18. Rxc8 Qxc8 19. Ng5 Bg4 20. Qb1 h6
21. Bxd5 hxg5 22. Bc4 a6 23. Qg6 Qd7 24. Qxg5 b5 25. Bd3 Bf8 26. Bf5 Bxf5 27.
Nxf5 Qd1+ 28. Kg2 Qd5+ 29. Kh3 Qd7 30. Bxf6 g6 31. g4 Qd1 32. Ng3 Bg7 33. Bxg7
Kxg7 34. Qe5+ Kg8 35. Qf6 Qd2 36. Qxa6 Qxf2 37. a4 bxa4 38. bxa4 Qe3 39. Qa8+
Kg7 40. Qd8 Qh6+ 41. Kg2 Qf4 42. Qd7 Qb4 43. g5 Qf4 44. Qb5 f5 45. gxf6+ Kxf6
46. Qf1 1-0

[Event "4NCL 3 North pool D"]
[Site "Crewe, ENG"]
[Date "2016.04.30"]
[Round "9.128"]
[White "Costello, John"]
[Black "Flint, Martina"]
[Result "0-1"]
[WhiteElo "1900"]
[BlackElo "1858"]
[PlyCount "90"]
[EventDate "2016.04.30"]
[WhiteTeam "Manx Ravens"]
[BlackTeam "Jorvik"]

1. d4 g6 2. c4 Bg7 3. Nc3 d6 4. e4 e6 5. Be2 Ne7 6. Be3 O-O 7. Qd2 f5 8. f3 e5
9. d5 f4 10. Bf2 Kh8 11. O-O-O Ng8 12. g4 b6 13. h4 h6 14. Nh3 Bd7 15. Rdg1 a5
16. Ng5 Ne7 17. Ne6 Bxe6 18. dxe6 Na6 19. g5 h5 20. Bf1 Nc5 21. Bxc5 bxc5 22.
Bh3 Nc6 23. Ne2 Qe7 24. Nc3 Rfe8 25. Nd5 Qd8 26. Rg2 Bf8 27. Qd1 Be7 28. Rhh2
Nd4 29. Rf2 c6 30. Nf6 Bxf6 31. gxf6 Qxf6 32. Rhg2 Red8 33. Qg1 Kh7 34. Rg5
Nxe6 35. Bxe6 Qxe6 36. Rfg2 Rg8 37. b3 a4 38. Kb2 axb3 39. axb3 Qf7 40. Qd1 Qe6
41. Qg1 Rab8 42. Kc2 Ra8 43. Kb2 Ra7 44. Kc3 Rb7 45. Qf2 Rgb8 0-1

[Event "4NCL 3 North pool D"]
[Site "Crewe, ENG"]
[Date "2016.04.30"]
[Round "9.129"]
[White "Anderson, Paul W"]
[Black "Woodard, Brian Robert"]
[Result "1/2-1/2"]
[WhiteElo "1759"]
[BlackElo "1697"]
[PlyCount "81"]
[EventDate "2016.04.30"]
[WhiteTeam "Jorvik"]
[BlackTeam "Manx Ravens"]

1. c4 c6 2. Nc3 Nf6 3. Nf3 g6 4. e3 Bg7 5. b3 d6 6. Bb2 O-O 7. Be2 e5 8. O-O
Re8 9. e4 Na6 10. d3 Nc7 11. Qd2 Ne6 12. Bd1 Nc7 13. h3 Be6 14. Nh2 d5 15. exd5
cxd5 16. Qe2 d4 17. Ne4 Nxe4 18. dxe4 Na6 19. f4 exf4 20. Rxf4 Bf5 21. Qf3 Be6
22. Ng4 Bxg4 23. Rxg4 Nc5 24. b4 Ne6 25. Qf2 Qd6 26. c5 Qc6 27. Bb3 Rad8 28.
Rf1 Rf8 29. Bd5 Qd7 30. Rg3 Qe7 31. Rd3 Be5 32. g3 Ng5 33. Kg2 Ne6 34. Bc1 Kg7
35. Bf4 f6 36. Qd2 g5 37. Bxe5 fxe5 38. Rxf8 Rxf8 39. Bxe6 Qxe6 40. Qxg5+ Kh8
41. Qd2 1/2-1/2

[Event "4NCL 3 North pool D"]
[Site "Crewe, ENG"]
[Date "2016.04.30"]
[Round "9.130"]
[White "Hodgson, James Vincent"]
[Black "Andrews, Norman G"]
[Result "0-1"]
[WhiteElo "1645"]
[BlackElo "1582"]
[PlyCount "96"]
[EventDate "2016.04.30"]
[WhiteTeam "Manx Ravens"]
[BlackTeam "Jorvik"]

1. c4 Nf6 2. Nc3 e6 3. e4 c5 4. e5 Ng8 5. Nf3 d6 6. exd6 Bxd6 7. d4 Nf6 8. Bg5
h6 9. Bxf6 Qxf6 10. Ne4 Qe7 11. Nxd6+ Qxd6 12. dxc5 Qxc5 13. Qd2 Nc6 14. O-O-O
O-O 15. Qe3 Qxe3+ 16. fxe3 e5 17. e4 Bg4 18. Be2 Bxf3 19. Bxf3 Nd4 20. b3 Rac8
21. Kb2 Rc5 22. Rc1 Rfc8 23. Rc3 Nb5 24. Rc2 Nd4 25. Rc3 Kf8 26. Rhc1 Ke7 27.
b4 R5c7 28. a4 b6 29. Bg4 Rd8 30. c5 b5 31. a5 Nc6 32. Kb3 Nd4+ 33. Kb2 Nc6 34.
Ka3 Rd4 35. Bf3 Rxb4 36. Rb3 Ra4+ 37. Kb2 Nd4 38. Ra3 Rxa3 39. Kxa3 a6 40. Kb2
Nc6 41. Ra1 Rd7 42. Kc3 Rd4 43. Be2 Rxe4 44. Bd3 Rd4 45. Be2 Rd5 46. Bf3 Rxc5+
47. Kd2 Nd4 48. Bb7 Nb3+ 0-1